Search the Library Catalogue
| 000 -LEADER | |
|---|---|
| fixed length control field | 00488nam a2200181Ia 4500 |
| 008 - FIXED-LENGTH DATA ELEMENTS--GENERAL INFORMATION | |
| fixed length control field | 191130s1998##################000#0#eng## |
| 020 ## - INTERNATIONAL STANDARD BOOK NUMBER | |
| ISBN | 9780333931110 |
| 082 ## - DEWEY DECIMAL CLASSIFICATION NUMBER | |
| Classification number | 338.74 MAT |
| 100 ## - MAIN ENTRY--AUTHOR NAME | |
| Personal name | Mattoo, P. K |
| 245 ## - TITLE STATEMENT | |
| Title | Corporate restructuring : Indian perspective |
| Statement of responsibility, etc | P.K. Mattoo |
| 260 ## - PUBLICATION, DISTRIBUTION, ETC. (IMPRINT) | |
| Place of publication | New Delhi |
| Name of publisher | Macmillan |
| Year of publication | 1998 |
| 300 ## - PHYSICAL DESCRIPTION | |
| Number of Pages | 204 p. 23 cm |
| 650 ## - SUBJECT ADDED ENTRY--TOPICAL TERM | |
| Topical Term | Economics |
| 991 ## - | |
| -- | 250589 |
| Withdrawn status | Lost status | Damaged status | Not for loan | Home library | Current library | Shelving location | Date acquired | Full call number | Accession Number | Price effective from | Koha item type |
|---|---|---|---|---|---|---|---|---|---|---|---|
| Anna Centenary Library | Anna Centenary Library | 4TH FLOOR, A WING | 12.10.2020 | 338.74 MAT | 119699 | 12.10.2020 | English Books |